Vietnam : (Record no. 27750)
[ view plain ]
| 000 -LEADER | |
|---|---|
| fixed length control field | 00831nam a2200253 4500 |
| 001 - CONTROL NUMBER | |
| control field | 27750 |
| 003 - CONTROL NUMBER IDENTIFIER | |
| rucl marc code | BD-RjUL |
| 005 - DATE AND TIME OF LATEST TRANSACTION | |
| control field | 20211209051210.0 |
| 008 - FIXED-LENGTH DATA ELEMENTS--GENERAL INFORMATION | |
| fixed length control field | 140327s1967 enkb b 000 0 eng |
| 035 ## - SYSTEM CONTROL NUMBER | |
| System control number | (BD-RjUL)27829 |
| 040 ## - CATALOGING SOURCE | |
| Original cataloging agency | DLC |
| Transcribing agency | DLC |
| Modifying agency | DLC |
| -- | BD-RjUL |
| Language of cataloging | eng |
| 041 ## - LANGUAGE CODE | |
| Language code of text/sound track or separate title | eng |
| 082 00 - DEWEY DECIMAL CLASSIFICATION NUMBER | |
| Classification number | 959.7 |
| Author mark and year | BUV V-1 1967 |
| 100 1# - MAIN ENTRY--PERSONAL NAME | |
| Personal name | Buttinger, Joseph. |
| 9 (RLIN) | 85183 |
| 245 10 - TITLE STATEMENT | |
| Title | Vietnam : |
| Remainder of title | a dragon embattled / |
| Statement of responsibility, etc. | by Joseph Buttinger. |
| Number of part/section of a work | Volume I : |
| Name of part/section of a work | From Colonialism to the Vietminh |
| 260 ## - PUBLICATION, DISTRIBUTION, ETC. (IMPRINT) | |
| Place of publication, distribution, etc. | London : |
| Name of publisher, distributor, etc. | Pall Mall, |
| Date of publication, distribution, etc. | c1967. |
| 300 ## - PHYSICAL DESCRIPTION | |
| Pagination | 2 v. (x, 1346 p.) : |
| Illustrations | maps (on lining papers) ; |
| Size | 25 cm. |
| 504 ## - BIBLIOGRAPHY, ETC. NOTE | |
| Bibliography, etc | Bibliography: v. 2, p. 1258-1282. |
| 505 0# - FORMATTED CONTENTS NOTE | |
| Formatted contents note | v. 1. From colonialism to the Vietminh.--v. 2. Vietnam at war. |
| 651 #0 - SUBJECT ADDED ENTRY--GEOGRAPHIC NAME | |
| Geographic name | Vietnam |
| General subdivision | History. |
| 9 (RLIN) | 85184 |
| 942 ## - ADDED ENTRY ELEMENTS (KOHA) | |
| Source of classification or shelving scheme | Dewey Decimal Classification |
| Koha item type | Books |
| Lost status | Source of classification or shelving scheme | Damaged status | Not for loan | Collection code | Permanent Location | Current Location | Shelving location | Date acquired | Source of acquisition | Cost, normal purchase price | Total Checkouts | Full call number | Date last seen | Copy number | Koha item type |
|---|---|---|---|---|---|---|---|---|---|---|---|---|---|---|---|
| Dewey Decimal Classification | Added to bundle | Non-fiction | Central Library, University of Rajshahi | Central Library, University of Rajshahi | Reading Room | 05/09/1969 | Zetlinger | 206.00 | 959.7 BUV V-1 1967 | 27/03/2014 | C-1 | Books |